00500nam a2200193 a 4500001001300000003000900013005001700022008004100039020001000080082001600090100002400106245002300130260004500153300000900198500003500207505001000242650003000252700002400282nice12345678IN_TiNIC20260116013451.0050524s1988 mala grp 000 0 eng  ac12500a297.82bKHO aKhomeini, Ayatullah aIslamic Government aMalapurambIslamic Foundation Presc1988 a166p aincludes index and biblioraphy2 aindex aShiah-Doctrines-Political1 aKhomeini, Ayatullah